[Event "Mecklenburg VP Verbandsliga 2223"]
[Site "Mecklenburg VP"]
[Date "2023.05.07"]
[Round "9.5"]
[White "Fleischer, Matthias"]
[Black "Hoerhold, Martin"]
[Result "1-0"]
[WhiteElo "1849"]
[BlackElo "1828"]
[PlyCount "92"]
[EventDate "2022.10.23"]
[EventType "team-tourn"]
[EventRounds "9"]
[EventCountry "GER"]
[SourceTitle "EXT 2024"]
[Source "ChessBase"]
[SourceDate "2023.10.10"]
[SourceVersion "1"]
[SourceVersionDate "2023.10.10"]
[SourceQuality "1"]
[WhiteTeam "Schwerin SF II"]
[BlackTeam "Neubrandenburg SG Eintracht"]
[WhiteTeamCountry "GER"]
[BlackTeamCountry "GER"]

1. d4 Nf6 2. Nf3 e6 3. Bg5 Be7 4. e3 d5 5. Bxf6 Bxf6 6. Bd3 c5 7. c3 b6 8. Nbd2 0-0 9. h4 Re8 10. Bxh7+ Kxh7 11. Ng5+ Kg8 12. Qh5 Bxg5 13. hxg5 Kf8 14. Qh8+ Ke7 15. Qxg7 Rg8 16. Qf6+ Ke8 17. Rh8 Rxh8 18. Qxh8+ Kd7 19. Qg7 Qe7 20. dxc5 bxc5 21. Nf3 Nc6 22. 0-0-0 Kc7 23. Ne5 Nxe5 24. Qxe5+ Qd6 25. Qg7 Qd7 26. Qf8 Kb6 27. b4 cxb4 28. Qxb4+ Kc7 29. Qa5+ Kb8 30. Rh1 a6 31. Rh7 Qb5 32. Qxb5+ axb5 33. Rxf7 Ra6 34. Rf6 e5 35. Rxa6 Bxa6 36. f4 Bc8 37. Kd2 e4 38. Ke2 Kc7 39. a3 Kd6 40. Kf2 Ke7 41. Kg3 Kf7 42. Kh4 Kg6 43. g4 Bd7 44. f5+ Kh7 45. Kh5 Be8+ 46. g6+ Kg7 1-0

[Event "Mecklenburg VP Verbandsliga 2223"]
[Site "Mecklenburg VP"]
[Date "2023.02.26"]
[Round "6.4"]
[White "Fleischer, Matthias"]
[Black "Lanz, Joerg"]
[Result "0-1"]
[WhiteElo "1849"]
[BlackElo "2055"]
[PlyCount "100"]
[EventDate "2022.10.23"]
[EventType "team-tourn"]
[EventRounds "9"]
[EventCountry "GER"]
[SourceTitle "EXT 2024"]
[Source "ChessBase"]
[SourceDate "2023.10.10"]
[SourceVersion "1"]
[SourceVersionDate "2023.10.10"]
[SourceQuality "1"]
[WhiteTeam "Schwerin SF II"]
[BlackTeam "Wismar ASV Gruen-Weiss"]
[WhiteTeamCountry "GER"]
[BlackTeamCountry "GER"]

1. d4 Nf6 2. Nf3 g6 3. Bg5 Bg7 4. Bxf6 Bxf6 5. c3 d6 6. e3 Nd7 7. Bd3 b6 8. 0-0 Bb7 9. Re1 0-0 10. Qe2 e5 11. Nbd2 Qe7 12. e4 Rad8 13. Rad1 Bg7 14. Nf1 Nf6 15. Ng3 Bc8 16. Bb5 h5 17. h3 Bh6 18. Bc6 a6 19. Qc2 Bf4 20. Ne2 Bh6 21. Ng3 Kh8 22. c4 exd4 23. e5 dxe5 24. Nxe5 Qd6 25. Bf3 c5 26. Nd3 Rde8 27. Qa4 a5 28. Bc6 Bd7 29. Bxd7 Qxd7 30. Qxd7 Nxd7 31. Rxe8 Rxe8 32. Re1 Rxe1+ 33. Nxe1 Ne5 34. Kf1 Nxc4 35. Nd3 Nd6 36. b3 f6 37. Ke2 Kg7 38. Kf3 Kf7 39. Ne4 Ke6 40. Nxd6 Kxd6 41. a4 Ke6 42. Ke4 Bg7 43. Nb2 f5+ 44. Kd3 b5 45. f3 Bh6 46. Nd1 Bc1 47. Nf2 bxa4 48. bxa4 Kd5 49. Kc2 Be3 50. Nd1 c4 0-1

[Event "Mecklenburg VP LL2 West 2122"]
[Site "Mecklenburg VP"]
[Date "2022.04.24"]
[Round "5.1"]
[White "Fleischer, Matthias"]
[Black "Lassan, Christian"]
[Result "1/2-1/2"]
[WhiteElo "1898"]
[BlackElo "2136"]
[PlyCount "51"]
[EventDate "2021.10.24"]
[EventType "team-tourn"]
[EventRounds "9"]
[EventCountry "GER"]
[SourceTitle "EXT 2024"]
[Source "ChessBase"]
[SourceDate "2023.10.10"]
[SourceVersion "1"]
[SourceVersionDate "2023.10.10"]
[SourceQuality "1"]
[WhiteTeam "Schwerin SV Einheit"]
[BlackTeam "Waren Malchow"]
[WhiteTeamCountry "GER"]
[BlackTeamCountry "GER"]

1. d4 Nf6 2. Nf3 d5 3. Bg5 c5 4. e3 Qb6 5. Bxf6 Qxb2 6. dxc5 exf6 7. Qxd5 Qxa1 8. Bb5+ Bd7 9. Bxd7+ Nxd7 10. 0-0 Bxc5 11. Qb3 0-0 12. Nbd2 Qxf1+ 13. Kxf1 b6 14. Ne4 Rfd8 15. h3 Rac8 16. Nh4 Bf8 17. g4 Nc5 18. Nxc5 Rxc5 19. Nf5 Rdc8 20. Nd4 g6 21. Qa4 Ra5 22. Qd7 Rc4 23. Qd8 Kg7 24. Qd7 Kg8 25. Qd8 Kg7 26. Qd7 1/2-1/2

[Event "Berlin-ch Seniors op 37th"]
[Site "Berlin"]
[Date "2021.06.16"]
[Round "9"]
[White "Fleischer, Matthias"]
[Black "Scholz, Werner"]
[Result "0-1"]
[WhiteElo "1992"]
[BlackElo "1639"]
[PlyCount "45"]
[EventDate "2021.06.08"]
[EventType "swiss"]
[EventRounds "9"]
[EventCountry "GER"]
[SourceTitle "EXT 2022"]
[Source "ChessBase"]
[SourceDate "2021.10.06"]
[SourceVersion "1"]
[SourceVersionDate "2021.10.06"]
[SourceQuality "1"]

1. d4 c5 2. d5 d6 3. c4 f5 4. Nc3 Nf6 5. Bf4 g6 6. h3 Bg7 7. Rb1 Na6 8. e3 0-0 9. a3 Qa5 10. f3 Nh5 11. Qc2 Bxc3+ 12. Qxc3 Qxc3+ 13. bxc3 Nxf4 14. exf4 b6 15. Bd3 Nc7 16. Kd2 e6 17. dxe6 Nxe6 18. Ne2 Bd7 19. h4 h5 20. Ke3 Rae8 21. Kf2 Re7 22. Rbd1 Nd8 23. Bc2 0-1

[Event "Berlin-ch Seniors op 37th"]
[Site "Berlin"]
[Date "2021.06.12"]
[Round "5"]
[White "Fleischer, Matthias"]
[Black "Theilig, Reinhard"]
[Result "1-0"]
[WhiteElo "1992"]
[BlackElo "1582"]
[PlyCount "79"]
[EventDate "2021.06.08"]
[EventType "swiss"]
[EventRounds "9"]
[EventCountry "GER"]
[SourceTitle "EXT 2022"]
[Source "ChessBase"]
[SourceDate "2021.10.06"]
[SourceVersion "1"]
[SourceVersionDate "2021.10.06"]
[SourceQuality "1"]

1. d4 d6 2. e4 Nf6 3. Nc3 g6 4. Bd3 Bg7 5. Nge2 0-0 6. f3 Nbd7 7. Be3 b6 8. Qd2 Bb7 9. Bh6 c5 10. 0-0-0 cxd4 11. Nxd4 Ne5 12. Be2 Rc8 13. h4 Nc4 14. Bxc4 Rxc4 15. Nde2 Qc8 16. Kb1 Ba6 17. h5 Bxh6 18. Qxh6 Rc5 19. hxg6 fxg6 20. Nf4 Kf7 21. Nfd5 Rh8 22. Nxe7 Kxe7 23. Qg7+ Ke6 24. Nd5 Nxd5 25. exd5+ Rxd5 26. Rde1+ Re5 27. Rxe5+ dxe5 28. Re1 Rd8 29. Rxe5+ Kd6 30. Qe7+ Kc6 31. Re6+ Kd5 32. Re5+ Kc6 33. Re6+ Kd5 34. Re3 Rd7 35. Qe6+ Kc5 36. Rc3+ Kb5 37. a4+ Kb4 38. Qb3+ Ka5 39. Rxc8 Bxc8 40. Qc3+ 1-0

[Event "Berlin-ch Seniors op 36th"]
[Site "Berlin"]
[Date "2020.01.30"]
[Round "3.1"]
[White "Postler, Reinhard"]
[Black "Fleischer, Matthias"]
[Result "1-0"]
[WhiteElo "2228"]
[BlackElo "2022"]
[PlyCount "53"]
[EventDate "2020.01.28"]
[EventType "swiss"]
[EventRounds "9"]
[EventCountry "GER"]
[SourceTitle "EXT 2024"]
[Source "ChessBase"]
[SourceDate "2023.10.10"]
[SourceVersion "1"]
[SourceVersionDate "2023.10.10"]
[SourceQuality "1"]

1. e4 e6 2. d4 d5 3. Nd2 Nc6 4. Ngf3 dxe4 5. Nxe4 Nf6 6. Nxf6+ gxf6 7. Be3 b6 8. Bb5 Bb7 9. c4 Bb4+ 10. Kf1 0-0 11. Bh6 Ne7 12. Bxf8 Qxf8 13. Qe2 Qh6 14. c5 c6 15. Ba6 Bxa6 16. Qxa6 bxc5 17. a3 Bd2 18. Qb7 Re8 19. Rd1 Ba5 20. Qxa7 Bd8 21. dxc5 Qf4 22. Qa6 e5 23. Qe2 e4 24. Nd4 Bc7 25. g3 Qe5 26. f4 Qd5 27. Nb5 1-0

[Event "MVP-ch Seniors op 19th"]
[Site "Ostseebad Binz"]
[Date "2019.12.04"]
[Round "8"]
[White "Krueger, Erich"]
[Black "Fleischer, Matthias"]
[Result "0-1"]
[WhiteElo "2123"]
[BlackElo "1990"]
[PlyCount "87"]
[EventDate "2019.11.27"]
[EventType "swiss"]
[EventRounds "9"]
[EventCountry "GER"]
[SourceTitle "EXT 2021"]
[Source "ChessBase"]
[SourceDate "2020.10.23"]
[SourceVersion "1"]
[SourceVersionDate "2020.10.23"]
[SourceQuality "1"]

1. d4 Nf6 2. c4 e6 3. Nc3 Bb4 4. e3 0-0 5. Bd3 c5 6. Nge2 d5 7. 0-0 Nc6 8. a3 Bxc3 9. bxc3 dxc4 10. Bxc4 Qc7 11. Bb2 b6 12. Rc1 Na5 13. Bd3 c4 14. Bc2 Bb7 15. Ng3 b5 16. a4 a6 17. Ba3 Rfd8 18. Rb1 Qc6 19. f3 bxa4 20. Bxa4 Qc7 21. e4 Bc6 22. e5 Bxa4 23. Qxa4 Nd5 24. Bd6 Rxd6 25. exd6 Qd8 26. Ne2 Nb3 27. Rb2 Nb6 28. Qa3 a5 29. Ng3 a4 30. Ne4 Nd5 31. Re1 h6 32. Nd2 Nxc3 33. Nxc4 Nb5 34. Qb4 N5xd4 35. Ne5 Rb8 36. Qxa4 Qxd6 37. Qa7 Rf8 38. Nc4 Qb4 39. Rc1 Ne2+ 40. Rxe2 Nxc1 41. Re4 Qb1 42. Nd2 Ne2+ 43. Kf2 Qg1+ 44. Kxe2 0-1

[Event "GER-ch Seniors 65 31st"]
[Site "Radebeul"]
[Date "2019.04.30"]
[Round "5"]
[White "Krueger, Erich"]
[Black "Fleischer, Matthias"]
[Result "0-1"]
[WhiteElo "2113"]
[BlackElo "1923"]
[PlyCount "48"]
[EventDate "2019.04.26"]
[EventType "swiss"]
[EventRounds "9"]
[EventCountry "GER"]
[SourceTitle "CBM 190 Extra"]
[Source "ChessBase"]
[SourceDate "2019.07.15"]
[SourceVersion "1"]
[SourceVersionDate "2019.07.15"]
[SourceQuality "1"]

1. d4 Nf6 2. c4 e6 3. Nc3 Bb4 4. e3 0-0 5. Nge2 c5 6. a3 Bxc3+ 7. Nxc3 Qc7 8. Be2 a6 9. d5 d6 10. e4 exd5 11. exd5 Bf5 12. 0-0 Nbd7 13. g4 Bg6 14. f4 h6 15. f5 Bh7 16. h4 Rfe8 17. g5 Ne4 18. Nxe4 Rxe4 19. Bd3 Rxh4 20. g6 fxg6 21. fxg6 Bxg6 22. Bxg6 Ne5 23. Bf5 Qe7 24. Qe1 Nf3+ 0-1

[Event "MVP-ch Seniors op 18th"]
[Site "Ostseebad Binz"]
[Date "2018.12.05"]
[Round "8"]
[White "Micheel, Peter"]
[Black "Fleischer, Matthias"]
[Result "1-0"]
[WhiteElo "1856"]
[BlackElo "1946"]
[PlyCount "97"]
[EventDate "2018.11.28"]
[EventType "swiss"]
[EventRounds "9"]
[EventCountry "GER"]
[SourceTitle "CBM 188 Extra"]
[Source "ChessBase"]
[SourceDate "2019.02.26"]
[SourceVersion "1"]
[SourceVersionDate "2019.02.26"]
[SourceQuality "1"]

1. e4 b6 2. d4 Bb7 3. Nc3 e6 4. Nf3 Bb4 5. Bd3 Ne7 6. a3 Bxc3+ 7. bxc3 0-0 8. 0-0 d5 9. e5 h6 10. h3 Nd7 11. Nh2 c5 12. Qg4 f5 13. Qg3 Kh8 14. Nf3 Qe8 15. Qh4 Kg8 16. Bb5 Bc6 17. Bxc6 Nxc6 18. Qg3 Qh5 19. Rd1 Ne7 20. Qh4 Qe8 21. Qg3 Kh8 22. Qh4 Ng6 23. Qh5 Ngxe5 24. Qh4 Nxf3+ 25. gxf3 Qd8 26. Qh5 Rf6 27. Bg5 Qc7 28. Bxf6 Nxf6 29. Qh4 Kh7 30. dxc5 bxc5 31. Qa4 Nh5 32. Rab1 Nf4 33. Kh1 Nxh3 34. Rd2 g5 35. Qb5 Kg6 36. Qb7 Qd8 37. Qc6 Rc8 38. Qxe6+ Qf6 39. Qxc8 Qe5 40. Qg8+ Kh5 41. Qxd5 Qxc3 42. Qf7+ Kh4 43. Qxf5 h5 44. Qd3 Qf6 45. Re1 Nf4 46. Re4 a5 47. Qd8 Qf5 48. Qd7 Qf6 49. Kh2 1-0

[Event "MVP-ch Seniors op 18th"]
[Site "Ostseebad Binz"]
[Date "2018.11.30"]
[Round "3"]
[White "Fleischer, Matthias"]
[Black "Barlo, Werner"]
[Result "1-0"]
[WhiteElo "1946"]
[BlackElo "1730"]
[PlyCount "73"]
[EventDate "2018.11.28"]
[EventType "swiss"]
[EventRounds "9"]
[EventCountry "GER"]
[SourceTitle "CBM 188 Extra"]
[Source "ChessBase"]
[SourceDate "2019.02.26"]
[SourceVersion "1"]
[SourceVersionDate "2019.02.26"]
[SourceQuality "1"]

1. d4 Nf6 2. Nf3 e6 3. Bg5 d5 4. c3 Nc6 5. e3 h6 6. Bh4 Be7 7. Bd3 Nh5 8. Bg3 Nxg3 9. hxg3 Bd6 10. Nbd2 0-0 11. Qe2 e5 12. dxe5 Nxe5 13. Nxe5 Bxe5 14. Nf3 Bg4 15. Rh4 f5 16. 0-0-0 Bf6 17. Rh2 c6 18. Qc2 Qd7 19. Rdh1 c5 20. Nh4 Bg5 21. Ng6 Rfe8 22. Nf4 c4 23. Bf1 Qd6 24. Qd2 Re5 25. Bxc4 Rd8 26. Bb3 Bxf4 27. gxf4 Re7 28. f3 Kf8 29. fxg4 Qc5 30. Qd4 Qxd4 31. exd4 fxg4 32. Rh5 Re2 33. Bxd5 Rde8 34. Rf5+ Ke7 35. Re5+ Kd6 36. Bc4 R2xe5 37. fxe5+ 1-0

[Event "MVP-ch Seniors op 18th"]
[Site "Ostseebad Binz"]
[Date "2018.11.29"]
[Round "2"]
[White "Krueger, Erich"]
[Black "Fleischer, Matthias"]
[Result "1-0"]
[WhiteElo "2110"]
[BlackElo "1946"]
[PlyCount "75"]
[EventDate "2018.11.28"]
[EventType "swiss"]
[EventRounds "9"]
[EventCountry "GER"]
[SourceTitle "CBM 188 Extra"]
[Source "ChessBase"]
[SourceDate "2019.02.26"]
[SourceVersion "1"]
[SourceVersionDate "2019.02.26"]
[SourceQuality "1"]

1. d4 Nf6 2. c4 g6 3. Nc3 Bg7 4. e4 d6 5. Be2 Nbd7 6. Bg5 c6 7. Nf3 e5 8. d5 c5 9. 0-0 a6 10. Ne1 h6 11. Be3 Qe7 12. Nd3 g5 13. a3 0-0 14. b4 b6 15. bxc5 Nxc5 16. Nxc5 bxc5 17. Rb1 Qc7 18. f3 Bd7 19. Qc2 Nh5 20. g3 Qa5 21. Bd2 Nf6 22. Rb2 Rab8 23. Rfb1 Qc7 24. Rb3 Rxb3 25. Qxb3 Ra8 26. Qb7 Qd8 27. Rb6 Ne8 28. Rxa6 Rb8 29. Qa7 Rb2 30. Be1 f5 31. a4 h5 32. a5 fxe4 33. fxe4 Bg4 34. Bxg4 hxg4 35. Rb6 Rxb6 36. axb6 Qf6 37. b7 Qf3 38. b8Q 1-0

[Event "Mecklenburg VP LL2 West 1819"]
[Site "Mecklenburg VP"]
[Date "2018.10.21"]
[Round "1.4"]
[White "Schreiber, Nico"]
[Black "Fleischer, Matthias"]
[Result "0-1"]
[WhiteElo "1809"]
[BlackElo "1946"]
[PlyCount "114"]
[EventDate "2018.10.21"]
[EventType "team-tourn"]
[EventRounds "9"]
[EventCountry "GER"]
[SourceTitle "EXT 2022"]
[Source "ChessBase"]
[SourceDate "2021.10.06"]
[SourceVersion "1"]
[SourceVersionDate "2021.10.06"]
[SourceQuality "1"]
[WhiteTeam "Mecklenburger Springer SC"]
[BlackTeam "Schwerin SV Einheit"]
[WhiteTeamCountry "GER"]
[BlackTeamCountry "GER"]

1. d4 Nf6 2. Nf3 g6 3. c4 Bg7 4. Nc3 0-0 5. e4 d6 6. Be3 c6 7. h3 Nbd7 8. Be2 e5 9. 0-0 Re8 10. d5 c5 11. a3 a6 12. b4 b6 13. Qb3 Qc7 14. Rfb1 Rb8 15. a4 Rb7 16. Qa3 cxb4 17. Rxb4 Nc5 18. Nd2 Bd7 19. Rab1 Reb8 20. R4b2 Ne8 21. Nb3 f5 22. f3 Nf6 23. Nd2 Nh5 24. Kh2 Nf4 25. Bf1 Ncd3 26. Bxd3 Nxd3 27. Rb3 Nc5 28. R3b2 Bc8 29. Na2 a5 30. Nc3 Qe7 31. Nb3 Bf8 32. Bxc5 dxc5 33. Rd1 Qf6 34. Nb5 fxe4 35. fxe4 Qf4+ 36. Kh1 Bxh3 37. Nd2 Bxg2+ 38. Kxg2 Qg4+ 39. Qg3 Qe2+ 40. Kh3 Qxd1 41. Qxe5 Qh1+ 42. Qh2 Qxh2+ 43. Kxh2 Bg7 44. Rb3 Be5+ 45. Kh3 Rf7 46. Nf3 Bf4 47. e5 h5 48. e6 Re7 49. Kh4 Rf8 50. Nc3 Bc7 51. Ne2 Kg7 52. Ng5 Rf2 53. Re3 Rh2+ 54. Nh3 Kh6 55. d6 Bxd6 56. Re5 Bxe5 57. Nef4 g5+ 0-1

[Event "GER-ch Seniors 65"]
[Site "Hamburg"]
[Date "2018.07.25"]
[Round "5"]
[White "Fleischer, Matthias"]
[Black "Jacob, Helmut"]
[Result "0-1"]
[WhiteElo "1935"]
[BlackElo "2063"]
[PlyCount "170"]
[EventDate "2018.07.21"]
[EventType "swiss"]
[EventRounds "9"]
[EventCountry "GER"]
[SourceTitle "CBM 186 Extra"]
[Source "ChessBase"]
[SourceDate "2018.08.24"]
[SourceVersion "1"]
[SourceVersionDate "2018.08.24"]
[SourceQuality "1"]

1. d4 Nf6 2. Nf3 e6 3. Bg5 h6 4. Bxf6 Qxf6 5. e3 b6 6. Nbd2 Bb7 7. Bd3 d6 8. Qe2 a5 9. a4 Nd7 10. Ne4 Qe7 11. Ng3 g6 12. c3 Bg7 13. 0-0 0-0 14. Be4 d5 15. Bd3 f5 16. Nd2 e5 17. dxe5 Nxe5 18. Rfe1 Kh8 19. Nf3 Rae8 20. Nf1 Nf7 21. Nd4 Nd6 22. Bb5 Nxb5 23. Qxb5 Qd6 24. Qd3 Qf6 25. Ng3 Rf7 26. Nf3 Rfe7 27. Qd4 Qf7 28. Qd3 Bf6 29. Qd2 h5 30. h4 Qe6 31. Nd4 Qf7 32. Nf3 Qe6 33. Nd4 Qd7 34. Nf3 c5 35. Qc2 Bc6 36. Ne2 d4 37. Nf4 Kg7 38. Ng5 dxe3 39. f3 Qd6 40. Ne2 Qc7 41. Rad1 Bxg5 42. hxg5 f4 43. c4 Qe5 44. Qc3 Bxa4 45. Qxe5+ Rxe5 46. Rd6 Rf5 47. Rxb6 Rd8 48. Ra6 Rd2 49. Rxa5 Bd1 50. Ra7+ Kf8 51. Kf1 Bxe2+ 52. Rxe2 Rxe2 53. Kxe2 Rxg5 54. Kf1 Re5 55. Ke2 Re7 56. Ra5 Rb7 57. Ra2 Ke7 58. g3 fxg3 59. Kxe3 Rb3+ 60. Kf4 g2 61. Ra7+ Kf6 62. Ra6+ Kg7 63. Ra1 Rxb2 64. Rg1 Kf6 65. Kg3 Rc2 66. Ra1 g1Q+ 67. Rxg1 Rxc4 68. Ra1 Rd4 69. Ra8 Ke6 70. Re8+ Kd7 71. Rg8 Rd6 72. f4 c4 73. Rg7+ Kc6 74. f5 gxf5 75. Kh4 Rd1 76. Rf7 Rf1 77. Kxh5 Kc5 78. Rc7+ Kd4 79. Rd7+ Kc3 80. Kh4 Kc2 81. Kg3 Rd1 82. Re7 c3 83. Kf4 Rd3 84. Kxf5 Kd2 85. Ke4 Rd8 0-1

[Event "Berlin-ch Seniors op 34th"]
[Site "Berlin"]
[Date "2018.01.31"]
[Round "2"]
[White "Fleischer, Matthias"]
[Black "Wahner, Eberhard"]
[Result "1-0"]
[WhiteElo "1937"]
[BlackElo "1578"]
[PlyCount "53"]
[EventDate "2018.01.30"]
[EventType "swiss"]
[EventRounds "9"]
[EventCountry "GER"]
[SourceTitle "EXT 2020"]
[Source "ChessBase"]
[SourceDate "2019.10.17"]
[SourceVersion "1"]
[SourceVersionDate "2019.10.17"]
[SourceQuality "1"]

1. d4 Nf6 2. Nf3 e6 3. Bg5 d5 4. e3 c5 5. c3 Nc6 6. Nbd2 Be7 7. Bxf6 Bxf6 8. Bd3 0-0 9. h4 b6 10. Bxh7+ Kxh7 11. Ng5+ Kg8 12. Qh5 Re8 13. Qxf7+ Kh8 14. Qg6 Bxg5 15. hxg5+ Kg8 16. Rh3 Bd7 17. 0-0-0 e5 18. Qh7+ Kf8 19. Rf3+ Ke7 20. Rf6 Rg8 21. Nf3 Be6 22. dxe5 Qe8 23. c4 Rd8 24. Nh4 Bf7 25. Nf5+ Kf8 26. e6 gxf6 27. Qh6+ 1-0

[Event "MVP-ch Seniors op 17th"]
[Site "Binz"]
[Date "2017.12.05"]
[Round "7.26"]
[White "Fleischer, Matthias"]
[Black "Pape, Manfred"]
[Result "0-1"]
[WhiteElo "1911"]
[BlackElo "2052"]
[PlyCount "116"]
[EventDate "2017.11.29"]
[EventType "swiss"]
[EventRounds "9"]
[EventCountry "GER"]
[SourceTitle "EXT 2019"]
[Source "ChessBase"]
[SourceDate "2018.10.10"]
[SourceVersion "1"]
[SourceVersionDate "2018.10.10"]
[SourceQuality "1"]

1. d4 Nf6 2. Nf3 g6 3. e3 Bg7 4. Bd3 d6 5. Nbd2 0-0 6. h3 Nc6 7. c3 e5 8. 0-0 Qe7 9. dxe5 dxe5 10. Qc2 Re8 11. Ng5 h6 12. Nge4 Nd7 13. Ng3 Nc5 14. Be2 e4 15. b4 Nd3 16. Rb1 Nxc1 17. Rfxc1 f5 18. Bc4+ Kh8 19. Nb3 Ne5 20. Be2 b6 21. Nd4 c5 22. bxc5 bxc5 23. Nb3 a5 24. Nd2 Qc7 25. Bb5 Rd8 26. a4 Be6 27. Ne2 Nd3 28. Rd1 Qf7 29. Nc1 c4 30. Ne2 Bd5 31. Nf4 Nxf4 32. exf4 Be6 33. Nf1 Rd3 34. Rxd3 cxd3 35. Qd2 Qc7 36. Rc1 Rc8 37. c4 Bd4 38. g3 Qb6 39. Ne3 Kh7 40. Kg2 Rc5 41. Nd5 Bxd5 42. cxd5 Rxc1 43. Qxc1 Bxf2 44. Qc6 Qxc6 45. dxc6 Bb6 46. Kf1 Kg7 47. Ke1 Kf6 48. Kd2 Ke7 49. Bc4 Bc7 50. Ke3 Bb6+ 51. Kd2 g5 52. Bg8 gxf4 53. gxf4 Kd6 54. Bh7 Kxc6 55. Bxf5 Kd5 56. Bg4 Kd4 57. f5 e3+ 58. Kd1 Bd8 0-1

[Event "MVP-ch Seniors op 17th"]
[Site "Binz"]
[Date "2017.12.04"]
[Round "6.48"]
[White "Jepp, Wolfgang"]
[Black "Fleischer, Matthias"]
[Result "0-1"]
[WhiteElo "1772"]
[BlackElo "1911"]
[PlyCount "88"]
[EventDate "2017.11.29"]
[EventType "swiss"]
[EventRounds "9"]
[EventCountry "GER"]
[SourceTitle "EXT 2019"]
[Source "ChessBase"]
[SourceDate "2018.10.10"]
[SourceVersion "1"]
[SourceVersionDate "2018.10.10"]
[SourceQuality "1"]

1. e4 d6 2. d4 Nf6 3. Nc3 g6 4. Nf3 Bg7 5. Be2 0-0 6. 0-0 Bg4 7. Be3 c6 8. h3 Bxf3 9. Bxf3 Nbd7 10. Rb1 a5 11. b4 axb4 12. Rxb4 Qa5 13. Qb1 e5 14. Rb3 Rfb8 15. dxe5 Qxe5 16. Rd1 Nc5 17. Bd4 Qe7 18. Bxc5 dxc5 19. Re1 Nd7 20. g3 c4 21. Nd5 cxd5 22. exd5 Qd6 23. Rxb7 Rxb7 24. Qxb7 Rd8 25. Bg2 Bd4 26. Kf1 Kg7 27. Qc6 Nf6 28. Qxc4 Bc5 29. a4 Qb6 30. Qf4 Bd6 31. Qd2 Qa6+ 32. Kg1 Qxa4 33. Rd1 Rc8 34. c3 Rxc3 35. g4 Bf4 36. Qe2 Rc1 37. Rf1 Qa1 38. Qd3 Rxf1+ 39. Bxf1 Qe5 40. Bg2 Qa1+ 41. Bf1 Bd6 42. g5 Nh5 43. Qf3 Qe5 44. Bg2 Qxg5 0-1

[Event "MVP-ch Seniors op 17th"]
[Site "Binz"]
[Date "2017.12.02"]
[Round "4.15"]
[White "Ackermann, Hans Werner"]
[Black "Fleischer, Matthias"]
[Result "1-0"]
[WhiteElo "2294"]
[BlackElo "1911"]
[PlyCount "85"]
[EventDate "2017.11.29"]
[EventType "swiss"]
[EventRounds "9"]
[EventCountry "GER"]
[SourceTitle "EXT 2019"]
[Source "ChessBase"]
[SourceDate "2018.10.10"]
[SourceVersion "1"]
[SourceVersionDate "2018.10.10"]
[SourceQuality "1"]

1. Nf3 Nf6 2. g3 g6 3. b3 Bg7 4. Bb2 0-0 5. Bg2 d6 6. d4 c6 7. c4 Nbd7 8. 0-0 Re8 9. Re1 Qc7 10. Nc3 a6 11. Qc2 e5 12. Rad1 Nf8 13. e3 Bf5 14. e4 Bg4 15. d5 c5 16. h3 Bxf3 17. Bxf3 Qd7 18. Bg2 b5 19. cxb5 axb5 20. a4 b4 21. Nb1 Rec8 22. Nd2 Nh5 23. Nc4 Qc7 24. h4 Ra7 25. Bh3 Rca8 26. Bc1 Qd8 27. Bg4 Nf6 28. Be2 h5 29. Kg2 Kh7 30. f4 exf4 31. Bxf4 Ne8 32. e5 Kg8 33. Bf3 Rb8 34. exd6 Rd7 35. Bg5 f6 36. Be3 Nxd6 37. Nxd6 Rxd6 38. Bxc5 Rd7 39. Bxf8 Qxf8 40. Qxg6 Rc8 41. Bxh5 Re7 42. Rxe7 Qxe7 43. d6 1-0

[Event "MVP-ch Seniors op 17th"]
[Site "Binz"]
[Date "2017.11.30"]
[Round "2.17"]
[White "Meyer, Irmin"]
[Black "Fleischer, Matthias"]
[Result "0-1"]
[WhiteElo "2034"]
[BlackElo "1911"]
[PlyCount "112"]
[EventDate "2017.11.29"]
[EventType "swiss"]
[EventRounds "9"]
[EventCountry "GER"]
[SourceTitle "EXT 2019"]
[Source "ChessBase"]
[SourceDate "2018.10.10"]
[SourceVersion "1"]
[SourceVersionDate "2018.10.10"]
[SourceQuality "1"]

1. e4 d6 2. d4 Nf6 3. Nc3 g6 4. Be3 Bg7 5. f3 c6 6. Qd2 0-0 7. Bd3 Nbd7 8. Nge2 b5 9. a3 a5 10. 0-0 Bb7 11. b3 Qc7 12. Bh6 Rfe8 13. Bxg7 Kxg7 14. f4 e5 15. dxe5 dxe5 16. f5 Qd6 17. Qe3 Qc5 18. Qxc5 Nxc5 19. fxg6 hxg6 20. Ng3 Nxd3 21. cxd3 Rad8 22. Rf3 Rd7 23. Rd1 Red8 24. h3 Nh7 25. h4 Rh8 26. Nge2 Nf8 27. g3 Ne6 28. Nc1 Nc5 29. Re3 Rhd8 30. Kf2 Bc8 31. Rd2 Rd6 32. Nd1 Bh3 33. Kg1 Be6 34. b4 axb4 35. axb4 Na6 36. Rb2 Rd4 37. Nc3 Nxb4 38. Rd2 Bg4 39. Kf2 Na6 40. N1e2 R4d6 41. Nc1 Nc5 42. Kg2 Rd4 43. Kf2 b4 44. Nb1 Be6 45. Ke2 Ra8 46. Rc2 Ra5 47. Nd2 b3 48. Rb2 Ra2 49. Rb1 Rc2 50. Kd1 Bg4+ 51. Ke1 b2 52. Ncb3 Rxd3 53. Rxd3 Nxd3+ 54. Kf1 Rc1+ 55. Kg2 Rc2 56. Kf1 c5 0-1

[Event "MVP-ch Seniors op 17th"]
[Site "Binz"]
[Date "2017.11.29"]
[Round "1.76"]
[White "Fleischer, Matthias"]
[Black "Groener, Marga"]
[Result "1-0"]
[WhiteElo "1911"]
[BlackElo "1532"]
[PlyCount "97"]
[EventDate "2017.11.29"]
[EventType "swiss"]
[EventRounds "9"]
[EventCountry "GER"]
[SourceTitle "EXT 2019"]
[Source "ChessBase"]
[SourceDate "2018.10.10"]
[SourceVersion "1"]
[SourceVersionDate "2018.10.10"]
[SourceQuality "1"]

1. d4 d5 2. Nf3 Nf6 3. Bg5 e6 4. e3 Be7 5. Bxf6 Bxf6 6. Bd3 Nd7 7. h4 h6 8. Nbd2 Qe7 9. c3 c6 10. Qe2 e5 11. dxe5 Nxe5 12. Nxe5 Bxe5 13. Nf3 Bf6 14. 0-0-0 Bd7 15. Qc2 0-0-0 16. Qa4 Qc5 17. Kb1 Kb8 18. Qf4+ Ka8 19. Nd4 Qb6 20. Bc2 Rhe8 21. Bf5 a6 22. Bxd7 Rxd7 23. Qf5 Rde7 24. g4 Re5 25. Qf3 Qc7 26. Nf5 Qd7 27. Nxh6 gxh6 28. Qxf6 Qe6 29. Qf3 Qg6+ 30. Ka1 f5 31. Rhg1 fxg4 32. Rxg4 Qf5 33. Rf4 Qh5 34. Rg1 Qxf3 35. Rxf3 Re4 36. Rh1 h5 37. Rf5 Rh8 38. Kb1 Ka7 39. Kc2 b5 40. b4 Kb6 41. Kd3 a5 42. f3 Re6 43. a3 axb4 44. axb4 Kc7 45. Kd4 Kb6 46. Rg1 Ree8 47. Rg7 Reg8 48. Rxg8 Rxg8 49. Rxh5 1-0